Liverpool Summer 2025 Transfer Window - Statistics

General Stats
  • This quiz has been taken 28 times
    14 since last reset
  • The average score is 13 of 17
Answer Stats
Answer % Correct
Newcastle United £130m Alexander Isak
100%
Bayer Leverkusen £116m Florian Wirtz
91%
Eintracht Frankfurt £79m Hugo Ekitike
91%
Bayer Leverkusen £29.5m Jeremie Frimpong
91%
AFC Bournemouth £40m Milos Kerkez
91%
Real Madrid £10m Trent Alexander-Arnold
91%
Al Hilal £46m Darwin Nunez
82%
Bayer Leverkusen £30m Jarell Quansah
82%
Bayern Munich £65.5m Luis Diaz
82%
Brentford £18m Caoiminh Kelleher
73%
Preston North End Free Freddie Woodman
64%
Valencia £25m Giorgi Mamardashvili
64%
Parma £26m Giovanni Leoni
64%
West Bromwich Albion £3m Nathaniel Phillips
64%
Olympique Lyonnais £15m Tyler Morton
55%
Puskas Akademia £1.5m Armin Pecsi
45%
Salford City £200k Will Wright
27%
No matching quizzes found
Score Distribution
Percent of People with Each Score
Percentile by Number Answered
Your Score History
You have not taken this quiz since the last reset